00602nam a2200193 a 4500001001000000005001700010008004100027020003100068041001300099050002100112100001700133245007000150260003300220300002200253440002700275500007700302650001300379700001600392BRCA_196620190320203623.0040929s1987 sp-a---###---#000-0#spa-d a8476002084 (Obra completa) aspaheng 4aN7740b.R57 19871 aRipa, Cesare10aIconologíacCesare Ripa ; traducción Juan Barja ... [et al.]. aMadrid, EspañabAkalc1987 a2 v.bil.c24 cm. 0aArte y estéticav8-9 aIncluye índice de las cosas mas notables e índice alfabético (v.2)14aEmblemas1 aBarja, Juan